| 000 | 00832pam a2200277 a 4500 | ||
|---|---|---|---|
| 001 | 2406213 | ||
| 003 | OSt | ||
| 005 | 20151123101201.0 | ||
| 008 | 860827s1987 njua 001 0 eng | ||
| 010 | _a 86022661 | ||
| 020 | _a0132505568 | ||
| 040 |
_aDLC _cDLC _dDLC |
||
| 050 | 0 | 0 |
_aTK7867 _b.B66 1987 |
| 082 | 0 | 0 |
_a621.38 _219 |
| 100 | 1 | _aBoylestad, Robert L. | |
| 245 | 1 | 0 |
_aElectronic devices and circuit theory / _cRobert Boylestad, Louis Nashelsky. |
| 250 | _a4th ed. | ||
| 260 |
_aEnglewood Cliffs, NJ : _bPrentice-Hall, _cc1987. |
||
| 300 |
_axx, 803 p. : _bill. (some col.) ; _c25 cm. |
||
| 500 | _aIncludes index. | ||
| 650 | 0 | _aElectronic circuits. | |
| 650 | 0 | _aElectronic apparatus and appliances. | |
| 700 | 1 | _aNashelsky, Louis. | |
| 906 |
_a7 _bcbc _corignew _d1 _eocip _f19 _gy-gencatlg |
||
| 942 |
_2lcc _cBK |
||
| 999 |
_c251461 _d251461 |
||